[Event "Pere Noel"]
[Site "Montreal CAN"]
[Date "1993.12.30"]
[Round "5"]
[White "Gravel, Simon M"]
[Black "Hebert, Jean"]
[Result "0-1"]
[WhiteElo "2203"]
[BlackElo "2478"]
[PlyCount "46"]
[GameId "2160767912261488"]
[EventDate "1993.12.26"]
[EventType "swiss"]
[EventRounds "5"]
[EventCountry "CAN"]
[SourceTitle "EXT 2022"]
[Source "ChessBase"]
[SourceDate "2021.10.06"]
[SourceVersion "1"]
[SourceVersionDate "2021.10.06"]
[SourceQuality "1"]

1. e4 c5 2. Nf3 Nc6 3. d4 cxd4 4. Nxd4 g6 5. c4 Bg7 6. Be3 Nf6 7. Nc3 O-O 8. Be2 d6 9. O-O Nd7 10. Qd2 Nc5 11. Rad1 Bd7 12. f4 Nxd4 13. Bxd4 Bxd4+ 14. Qxd4 Ne6 15. Qe3 f6 16. c5 Nxc5 17. Bc4+ Kg7 18. e5 Rc8 19. Rfe1 a5 20. Rd4 Bc6 21. h4 Nd7 22. exd6 e5 23. fxe5 Nxe5 0-1

[Event "Quebec-ch amateur"]
[Site "Montreal CAN"]
[Date "1993.10.08"]
[Round "1"]
[White "Teuton, Frank"]
[Black "Hebert, Jean"]
[Result "0-1"]
[WhiteElo "2073"]
[BlackElo "2478"]
[PlyCount "110"]
[GameId "2160767912269836"]
[EventDate "1993.10.08"]
[EventType "swiss"]
[EventRounds "5"]
[EventCountry "CAN"]
[SourceTitle "EXT 2022"]
[Source "ChessBase"]
[SourceDate "2021.10.06"]
[SourceVersion "1"]
[SourceVersionDate "2021.10.06"]
[SourceQuality "1"]

1. e4 c5 2. Nf3 Nc6 3. Bb5 e6 4. O-O Nge7 5. c3 a6 6. Bxc6 dxc6 7. d4 Ng6 8. Be3 cxd4 9. cxd4 Bd6 10. Nbd2 O-O 11. e5 Be7 12. Ne4 b6 13. Rc1 Bb7 14. Qc2 Rb8 15. Neg5 Qd5 16. h4 f5 17. h5 Nh8 18. Qb3 f4 19. Qxd5 exd5 20. Bd2 Rf5 21. Nh3 Rbf8 22. Ne1 g5 23. f3 c5 24. Nd3 Rc8 25. Nhf2 c4 26. Ng4 Kg7 27. Bb4 Bd8 28. e6 Bc7 29. Nde5 Re8 30. h6+ Kg8 31. e7 Bc8 32. Nxc4 dxc4 33. Rxc4 Bb8 34. Rc6 Kf7 35. Rd1 Ng6 36. Rxb6 Ba7 37. Rc6 Ne5 38. Nxe5+ Rxe5 39. Rc7 Bb6 40. Rc6 Rb5 41. Ba3 Bb7 42. Rc2 Rd5 43. Kh2 Rxd4 44. Rxd4 Bxd4 45. Rc7 Bc8 46. b3 Be5 47. Rc2 Bf6 48. Rc7 Bf5 49. Ra7 Bd3 50. Bc5 Bxe7 51. a4 Ke6 52. Bd4 Rd8 53. Bg7 Rb8 54. Rc7 Rxb3 55. Bc3 Bd6 0-1

[Event "Quebec-ch amateur"]
[Site "Montreal CAN"]
[Date "1993.10.09"]
[Round "2"]
[White "Hebert, Jean"]
[Black "Gravel, Simon M"]
[Result "1-0"]
[WhiteElo "2478"]
[BlackElo "2187"]
[PlyCount "61"]
[GameId "2160767912269840"]
[EventDate "1993.10.08"]
[EventType "swiss"]
[EventRounds "5"]
[EventCountry "CAN"]
[SourceTitle "EXT 2022"]
[Source "ChessBase"]
[SourceDate "2021.10.06"]
[SourceVersion "1"]
[SourceVersionDate "2021.10.06"]
[SourceQuality "1"]

1. Nf3 Nf6 2. c4 g6 3. Nc3 Bg7 4. d4 d5 5. cxd5 Nxd5 6. e4 Nxc3 7. bxc3 c5 8. Rb1 O-O 9. Be2 Nc6 10. d5 Ne5 11. Nxe5 Bxe5 12. Qd2 Qa5 13. Rb3 Bd7 14. f4 Bg7 15. e5 b5 16. O-O c4 17. Rb2 Rfd8 18. Bf3 Rab8 19. Qe1 Bf5 20. Be3 g5 21. Bd4 gxf4 22. Qh4 e6 23. Qxf4 b4 24. cxb4 Rxb4 25. Rxb4 Qxb4 26. Qe3 Bd3 27. a3 Qb3 28. Re1 exd5 29. Qg5 Qb8 30. e6 f6 31. Bxf6 1-0

[Event "Quebec-ch amateur"]
[Site "Montreal CAN"]
[Date "1993.10.09"]
[Round "3"]
[White "Schleifer, Michael"]
[Black "Hebert, Jean"]
[Result "0-1"]
[WhiteElo "2314"]
[BlackElo "2478"]
[PlyCount "100"]
[GameId "2160767912269853"]
[EventDate "1993.10.08"]
[EventType "swiss"]
[EventRounds "5"]
[EventCountry "CAN"]
[SourceTitle "EXT 2022"]
[Source "ChessBase"]
[SourceDate "2021.10.06"]
[SourceVersion "1"]
[SourceVersionDate "2021.10.06"]
[SourceQuality "1"]

1. e4 c5 2. Nf3 Nc6 3. d4 cxd4 4. Nxd4 e5 5. Nb3 Nf6 6. Bg5 h6 7. Bxf6 Qxf6 8. Be2 Bb4+ 9. c3 Bd6 10. N1d2 Bc7 11. O-O O-O 12. Nc4 d6 13. Ne3 Ne7 14. a4 Be6 15. a5 a6 16. Nd2 Rfd8 17. c4 Bb8 18. Nd5 Bxd5 19. cxd5 Ba7 20. Bg4 Qg5 21. g3 Rab8 22. Ra3 g6 23. h4 Qf6 24. h5 Bc5 25. Rb3 Kg7 26. Nc4 Qg5 27. hxg6 fxg6 28. Kg2 h5 29. Be6 Ng8 30. Qc1 Qxc1 31. Rxc1 Bd4 32. Nb6 Nf6 33. Rc7+ Kh6 34. f3 Kg5 35. Rf7 Rf8 36. Rxf8 Rxf8 37. Nc4 Bc5 38. Rxb7 Nxe4 39. b4 Bd4 40. Bf7 Rc8 41. fxe4 Rxc4 42. Be6 Rc2+ 43. Kf1 Rf2+ 44. Ke1 Rg2 45. Rd7 Rxg3 46. Rxd6 Kf4 47. Bf7 Ke3 48. Rxg6 Rf3 49. Be8 Kd3 50. Rc6 Be3 0-1

[Event "Quebec-ch amateur"]
[Site "Montreal CAN"]
[Date "1993.10.10"]
[Round "4"]
[White "Hebert, Jean"]
[Black "Barbeau, Sylvain"]
[Result "0-1"]
[WhiteElo "2478"]
[BlackElo "2340"]
[PlyCount "102"]
[GameId "2160767912269860"]
[EventDate "1993.10.08"]
[EventType "swiss"]
[EventRounds "5"]
[EventCountry "CAN"]
[SourceTitle "EXT 2022"]
[Source "ChessBase"]
[SourceDate "2021.10.06"]
[SourceVersion "1"]
[SourceVersionDate "2021.10.06"]
[SourceQuality "1"]

1. Nf3 Nc6 2. c4 e5 3. Nc3 Nf6 4. g3 g6 5. Bg2 Bg7 6. O-O O-O 7. d3 d6 8. Rb1 Nd4 9. Ne1 Nd7 10. e3 Ne6 11. f4 f5 12. Nf3 h6 13. Nh4 Kh7 14. e4 Nd4 15. exf5 Nxf5 16. Nxg6 Kxg6 17. g4 Nc5 18. b4 exf4 19. gxf5+ Bxf5 20. bxc5 Bxc3 21. Rxb7 dxc5 22. Bxf4 Qxd3 23. Qxd3 Bxd3 24. Rf3 Bd4+ 25. Kh1 Rae8 26. Bd2 Rxf3 27. Bxf3 Rf8 28. Kg2 Kf5 29. Rxc7 Rg8+ 30. Kh3 Bxc4 31. Rxa7 Bf6 32. Bg2 Be6 33. Ra6 Ke5+ 34. Rxe6+ Kxe6 35. Be4 c4 36. a4 c3 37. Be3 Ke5 38. Bc2 Rb8 39. Bc1 Bg5 40. Ba3 Kd4 41. Kg4 Re8 42. h4 Bd2 43. Kf3 Re3+ 44. Kg4 Re1 45. Kh5 Ra1 46. Bb4 Ra2 47. Bg6 Rxa4 48. Bf8 Ra5+ 49. Kg4 Kc4 50. Bf7+ Kd3 51. Bg6+ Ke2 0-1

[Event "Quebec-ch amateur"]
[Site "Montreal CAN"]
[Date "1993.10.10"]
[Round "5"]
[White "Hebert, Jean"]
[Black "Billard, Michel"]
[Result "1-0"]
[WhiteElo "2478"]
[BlackElo "2197"]
[PlyCount "74"]
[GameId "2160767912269867"]
[EventDate "1993.10.08"]
[EventType "swiss"]
[EventRounds "5"]
[EventCountry "CAN"]
[SourceTitle "hb 2013"]

1. Nf3 Nf6 2. c4 c5 3. Nc3 g6 4. e4 d6 5. d4 cxd4 6. Nxd4 Bg7 7. Be2 Nc6 8. Be3 O-O 9. f3 Nd7 10. Rc1 Nc5 11. O-O f5 12. exf5 gxf5 13. Qd2 f4 14. Bf2 Bd7 15. Rfd1 Ne6 16. Nxe6 Bxe6 17. Nd5 Be5 18. b4 a5 19. b5 Nb8 20. Bb6 Qd7 21. Nc7 Qc8 22. c5 d5 23. Nxa8 Nd7 24. c6 Nf6 25. cxb7 Qxb7 26. Bc7 Bxc7 27. Nxc7 Bf7 28. Qxa5 d4 29. Rxd4 e5 30. Rd6 Nh5 31. b6 e4 32. Qg5+ Kh8 33. Qe5+ Kg8 34. Qxe4 Qb8 35. Bd3 Bg6 36. Rxg6+ hxg6 37. Qxg6+ Ng7 1-0

[Event "Carnaval"]
[Site "Quebec CAN"]
[Date "1993.02.06"]
[Round "3"]
[White "Kopec, Danny"]
[Black "Hebert, Jean"]
[Result "1-0"]
[WhiteElo "2376"]
[BlackElo "2488"]
[PlyCount "89"]
[GameId "2160767912279144"]
[EventDate "1993.02.05"]
[EventType "swiss"]
[EventRounds "5"]
[EventCountry "CAN"]
[SourceTitle "EXT 2022"]
[Source "ChessBase"]
[SourceDate "2021.10.06"]
[SourceVersion "1"]
[SourceVersionDate "2021.10.06"]
[SourceQuality "1"]

1. e4 c5 2. Nf3 Nc6 3. Bd3 g6 4. c3 Bg7 5. Bc2 d5 6. d3 e5 7. Qe2 Nge7 8. O-O O-O 9. Nbd2 h6 10. exd5 Nxd5 11. Nc4 Re8 12. Re1 Bg4 13. Ba4 Re6 14. Bxc6 bxc6 15. h3 Nf4 16. Bxf4 exf4 17. Qd2 Bxf3 18. gxf3 Rxe1+ 19. Rxe1 g5 20. Kg2 Qd5 21. Re7 Bf6 22. Rb7 Qe6 23. Qc2 a5 24. a4 h5 25. Qb3 Rd8 26. Rb8 Qd5 27. Nxa5 c4 28. Nxc4 g4 29. Rxd8+ Bxd8 30. hxg4 hxg4 31. Qd1 f5 32. Qe2 Kh7 33. Ne5 Bf6 34. Nc4 Kh6 35. a5 Qg8 36. Kf1 Qg5 37. fxg4 fxg4 38. f3 Qh4 39. Qg2 g3 40. a6 Kg6 41. a7 Qh8 42. Nb6 Qd8 43. Qe2 Qh8 44. Kg1 Bd8 45. Nc8 1-0

[Event "Carnaval"]
[Site "Quebec CAN"]
[Date "1993.02.07"]
[Round "4"]
[White "Hebert, Jean"]
[Black "Pouliot, Louis"]
[Result "1-0"]
[WhiteElo "2488"]
[BlackElo "2032"]
[PlyCount "103"]
[GameId "2160767912279147"]
[EventDate "1993.02.05"]
[EventType "swiss"]
[EventRounds "5"]
[EventCountry "CAN"]
[SourceTitle "EXT 2022"]
[Source "ChessBase"]
[SourceDate "2021.10.06"]
[SourceVersion "1"]
[SourceVersionDate "2021.10.06"]
[SourceQuality "1"]

1. d4 Nf6 2. Bg5 Ne4 3. Bf4 d5 4. f3 Nf6 5. Nc3 Bf5 6. g4 Bg6 7. h4 h6 8. e3 e6 9. Nb5 Na6 10. Bd3 Bxd3 11. Qxd3 c6 12. Nc3 Bd6 13. Nge2 Bxf4 14. Nxf4 Qd6 15. O-O-O O-O-O 16. Nh5 Nxh5 17. gxh5 Nb4 18. Qd2 c5 19. Rhg1 Rhg8 20. dxc5 Qxc5 21. Qd4 Qa5 22. Rxg7 Nxa2+ 23. Nxa2 Qxa2 24. Rxf7 Qa1+ 25. Kd2 Rg2+ 26. Ke1 Qa5+ 27. b4 Qb5 28. Qc3+ Qc6 29. Qxc6+ bxc6 30. Rd2 Rg1+ 31. Ke2 Rh1 32. Re7 Rxh4 33. Rxe6 Rxh5 34. Rxc6+ Kb7 35. Rf6 Rh2+ 36. Kd3 Rh4 37. c3 h5 38. Rf7+ Kb6 39. Ra2 Rc8 40. Raxa7 Rhc4 41. Rfb7+ Kc6 42. e4 Kd6 43. Rd7+ Ke6 44. exd5+ Ke5 45. Re7+ Kf4 46. Re4+ Rxe4 47. fxe4 h4 48. Rh7 Kg3 49. e5 h3 50. d6 Rd8 51. c4 h2 52. c5 1-0

[Event "Carnaval"]
[Site "Quebec CAN"]
[Date "1993.02.07"]
[Round "5"]
[White "Barbeau, Sylvain"]
[Black "Hebert, Jean"]
[Result "1/2-1/2"]
[WhiteElo "2389"]
[BlackElo "2488"]
[PlyCount "83"]
[GameId "2160767912279149"]
[EventDate "1993.02.05"]
[EventType "swiss"]
[EventRounds "5"]
[EventCountry "CAN"]
[SourceTitle "EXT 2022"]
[Source "ChessBase"]
[SourceDate "2021.10.06"]
[SourceVersion "1"]
[SourceVersionDate "2021.10.06"]
[SourceQuality "1"]

1. f4 d5 2. Nf3 Bg4 3. e3 Nd7 4. Be2 c6 5. d4 Bxf3 6. Bxf3 f5 7. b3 e6 8. Qd2 Ngf6 9. O-O b5 10. Ba3 Bxa3 11. Nxa3 a5 12. c4 Qe7 13. Nc2 O-O 14. cxb5 cxb5 15. Rfc1 Ne4 16. Bxe4 fxe4 17. Ne1 a4 18. Rab1 axb3 19. axb3 Qd6 20. Rc2 Rfc8 21. Rxc8+ Rxc8 22. Rc1 Rxc1 23. Qxc1 Qb4 24. Qd1 Nb8 25. Kf2 Nc6 26. Qc2 Ne7 27. Ke2 h5 28. Qc5 Qxc5 29. dxc5 Nc6 30. Nc2 b4 31. Kf2 Kf7 32. Kg3 g6 33. h3 Kf6 34. Kh4 Ne7 35. g4 hxg4 36. Kxg4 Nc6 37. h4 Kf7 38. h5 gxh5+ 39. Kxh5 Kf6 40. Kg4 Kg6 41. Kg3 Kf6 42. Kg4 1/2-1/2

[Event "Carnaval"]
[Site "Quebec CAN"]
[Date "1992.02.??"]
[Round "?"]
[White "Hebert, Jean"]
[Black "Tran, Luc"]
[Result "1-0"]
[WhiteElo "2491"]
[BlackElo "1911"]
[PlyCount "99"]
[GameId "2160767912375802"]
[EventDate "1992.02.07"]
[EventType "swiss"]
[EventRounds "5"]
[EventCountry "CAN"]
[SourceTitle "EXT 2022"]
[Source "ChessBase"]
[SourceDate "2021.10.06"]
[SourceVersion "1"]
[SourceVersionDate "2021.10.06"]
[SourceQuality "1"]

1. d4 Nf6 2. c4 g6 3. Nc3 Bg7 4. e4 d6 5. Be2 O-O 6. Nf3 e5 7. O-O Nc6 8. d5 Ne7 9. Nd2 Nd7 10. b4 a5 11. bxa5 Rxa5 12. Nb3 Ra8 13. Be3 b6 14. a4 f5 15. f3 Nc5 16. Nxc5 bxc5 17. g4 h6 18. exf5 gxf5 19. Qd2 Kh7 20. Bd3 Ng6 21. Ra2 Rf7 22. gxf5 Bxf5 23. Bxf5 Rxf5 24. Qd3 Qf6 25. Rg2 Nf4 26. Bxf4 exf4 27. Nb5 Rxa4 28. Kh1 Kh8 29. Nxc7 Rg5 30. Re2 Qg6 31. Qxg6 Rxg6 32. Re4 Bd4 33. Ne6 Rxc4 34. Rxf4 Rf6 35. Rg4 Rb4 36. Re4 Be5 37. Nxc5 dxc5 38. Rxe5 Rd4 39. Rg1 Rxf3 40. Re8+ Kh7 41. Re7+ Kh8 42. Re6 Rh3 43. Re8+ Kh7 44. Re7+ Kh8 45. Ra1 Rg4 46. d6 Rd3 47. Ra8+ Rg8 48. Rxg8+ Kxg8 49. d7 Kf8 50. Re8+ 1-0

[Event "Carnaval"]
[Site "Quebec CAN"]
[Date "1992.02.08"]
[Round "3"]
[White "Hebert, Jean"]
[Black "Levtchouk, George"]
[Result "0-1"]
[WhiteElo "2497"]
[BlackElo "2267"]
[PlyCount "108"]
[GameId "2160767912375811"]
[EventDate "1992.02.07"]
[EventType "swiss"]
[EventRounds "5"]
[EventCountry "CAN"]
[SourceTitle "hb 2011"]

1. e4 g6 2. d4 Bg7 3. Nf3 d6 4. c3 Nf6 5. Qc2 O-O 6. Be2 b6 7. Bg5 Bb7 8. Nbd2 h6 9. Bh4 Nh5 10. O-O-O Nd7 11. Bc4 c5 12. g4 Nf4 13. Bg3 d5 14. Bxf4 dxc4 15. d5 b5 16. Rhe1 Qb6 17. g5 h5 18. Nb1 Rfe8 19. Re3 e6 20. a4 b4 21. dxe6 Qxe6 22. Qd2 Nb6 23. a5 Na4 24. Qc2 Qg4 25. Qxa4 Qxf4 26. Nbd2 Rxe4 27. Nxe4 Bxe4 28. Nd2 Bd3 29. Re8+ Rxe8 30. Qxe8+ Kh7 31. Qe3 Qb8 32. Ne4 bxc3 33. Nxc3 Qb4 34. Rxd3 cxd3 35. Qxd3 Qxa5 36. Qc4 Kg8 37. Kc2 Qc7 38. f4 Qb6 39. b3 Qa5 40. Na4 Qe1 41. Nxc5 Qf2+ 42. Kd3 Qxh2 43. Qe4 Kh7 44. Kc4 Qd2 45. f5 Qxg5 46. fxg6+ fxg6 47. Ne6 Qf6 48. Qd5 Kh6 49. Nd8 g5 50. Nf7+ Kg6 51. Nd6 h4 52. Qe4+ Kh5 53. Qe8+ Kg4 54. Qc8+ Kf4 0-1

[Event "Pere Noel"]
[Site "Montreal CAN"]
[Date "1991.??.??"]
[Round "?"]
[White "Hebert, Jean"]
[Black "Saint-Pierre, Benoit"]
[Result "1-0"]
[WhiteElo "2395"]
[BlackElo "2148"]
[PlyCount "77"]
[GameId "2160767912413704"]
[EventDate "1991.12.26"]
[EventType "swiss"]
[EventRounds "5"]
[EventCountry "CAN"]
[SourceTitle "EXT 2022"]
[Source "ChessBase"]
[SourceDate "2021.10.06"]
[SourceVersion "1"]
[SourceVersionDate "2021.10.06"]
[SourceQuality "1"]

1. d4 Nf6 2. c4 e6 3. Nf3 Bb4+ 4. Bd2 c5 5. Bxb4 cxb4 6. Nbd2 O-O 7. e3 b6 8. Bd3 Bb7 9. O-O d6 10. Qc2 Nbd7 11. Rae1 Qc7 12. Qb1 Rfe8 13. Ng5 h6 14. Nh3 e5 15. d5 b5 16. e4 bxc4 17. Bxc4 Qb6 18. Kh1 Rec8 19. b3 a5 20. f3 Ba6 21. Nf2 Bxc4 22. Nxc4 Qb8 23. Nd3 Nb6 24. Ne3 Rc3 25. Nd1 Rc7 26. f4 Nfd7 27. fxe5 Nxe5 28. Nxe5 dxe5 29. Ne3 Rc3 30. Nf5 Qd8 31. d6 Nc8 32. Rd1 Ra7 33. Rd5 g6 34. Nxh6+ Kg7 35. Ng4 Nxd6 36. Qd1 Ra6 37. Qd2 Qh4 38. Nxe5 Qxe4 39. Rxd6 1-0

[Event "Pere Noel"]
[Site "Montreal CAN"]
[Date "1991.??.??"]
[Round "?"]
[White "Hebert, Jean"]
[Black "Williams, Leo"]
[Result "1-0"]
[WhiteElo "2395"]
[BlackElo "2240"]
[PlyCount "74"]
[GameId "2160767912413705"]
[EventDate "1991.12.26"]
[EventType "swiss"]
[EventRounds "5"]
[EventCountry "CAN"]
[SourceTitle "EXT 2022"]
[Source "ChessBase"]
[SourceDate "2021.10.06"]
[SourceVersion "1"]
[SourceVersionDate "2021.10.06"]
[SourceQuality "1"]

1. d4 Nf6 2. Nf3 g6 3. c4 Bg7 4. Nc3 O-O 5. e4 d6 6. Be2 e5 7. O-O Nbd7 8. Re1 c6 9. Bf1 a5 10. Rb1 Re8 11. d5 Nc5 12. b3 Bd7 13. a3 cxd5 14. cxd5 a4 15. b4 Nb3 16. Nd2 Nxc1 17. Rxc1 Bh6 18. Rc2 Bg4 19. Be2 Bxe2 20. Qxe2 Bxd2 21. Rxd2 Re7 22. Qe3 Rc7 23. f3 Qd7 24. Rc1 Rac8 25. Rdd1 Kg7 26. Kf2 Rc4 27. h3 R8c7 28. Ne2 Rxc1 29. Rxc1 Rxc1 30. Qxc1 Ne8 31. Qc4 Kf8 32. Nc3 Qc7 33. Qxc7 Nxc7 34. b5 Ke7 35. Ke3 Kd7 36. Kd3 Kc8 37. b6 Na6 1-0

[Event "Pere Noel"]
[Site "Montreal CAN"]
[Date "1991.??.??"]
[Round "?"]
[White "Kopec, Danny"]
[Black "Hebert, Jean"]
[Result "0-1"]
[WhiteElo "2400"]
[BlackElo "2395"]
[PlyCount "58"]
[GameId "2160767912413706"]
[EventDate "1991.12.26"]
[EventType "swiss"]
[EventRounds "5"]
[EventCountry "CAN"]
[SourceTitle "EXT 2022"]
[Source "ChessBase"]
[SourceDate "2021.10.06"]
[SourceVersion "1"]
[SourceVersionDate "2021.10.06"]
[SourceQuality "1"]

1. d4 Nf6 2. Nf3 g6 3. g3 Bg7 4. Bg2 O-O 5. O-O d6 6. c4 Nc6 7. Nc3 a6 8. h3 Rb8 9. Be3 b5 10. d5 Na5 11. cxb5 axb5 12. b4 Nc4 13. Ba7 Rb7 14. Bd4 Bd7 15. Qb3 Qc8 16. a4 e5 17. Nxb5 Bxb5 18. axb5 Nb6 19. Bxb6 Rxb6 20. Qc4 Qb7 21. Ra5 Rb8 22. Rfa1 e4 23. Ng5 Qxd5 24. Qxc7 Qxg5 25. Ra7 Qd5 26. R1a6 R6b7 27. b6 Rxc7 28. bxc7 Rc8 29. Ra5 Qc4 0-1

[Event "Montreal op"]
[Site "Montreal CAN"]
[Date "1991.??.??"]
[Round "?"]
[White "Prahov, Valentin"]
[Black "Hebert, Jean"]
[Result "0-1"]
[WhiteElo "2235"]
[BlackElo "2395"]
[PlyCount "128"]
[GameId "2160767912413856"]
[EventDate "1991.08.30"]
[EventType "swiss"]
[EventRounds "5"]
[EventCountry "CAN"]
[SourceTitle "EXT 2022"]
[Source "ChessBase"]
[SourceDate "2021.10.06"]
[SourceVersion "1"]
[SourceVersionDate "2021.10.06"]
[SourceQuality "1"]

1. e4 g6 2. d4 c6 3. Nc3 d5 4. e5 Bg7 5. f4 h5 6. Be3 Nh6 7. Nf3 Bf5 8. Be2 e6 9. h3 b5 10. Qd2 Nd7 11. Kf2 Bf8 12. g3 Nb6 13. Kg2 Nc4 14. Bxc4 dxc4 15. a3 Rg8 16. Qe2 Be7 17. Kh2 Kf8 18. Rhg1 Rh8 19. Kg2 a5 20. Bf2 Kg7 21. Rge1 Qd7 22. Ne4 Bxe4 23. Qxe4 Qd5 24. Nd2 Nf5 25. c3 Rab8 26. Kf3 b4 27. axb4 axb4 28. Ra4 Rb5 29. Rea1 g5 30. Qxd5 cxd5 31. Ra7 bxc3 32. bxc3 gxf4 33. gxf4 Rb2 34. Rg1+ Kh6 35. Be1 Rhb8 36. Nf1 R8b3 37. Ne3 Nh4+ 38. Kg3 Rb7 39. Rxb7 Rxb7 40. f5 Bg5 41. Rf1 Rb2 42. fxe6 fxe6 43. Rf8 Ng6 44. Rf2 Bh4+ 45. Kf3 Bxf2 46. Bxf2 Kg5 47. Ng2 Rxf2+ 48. Kxf2 Nf4 49. Ne3 Nxh3+ 50. Kg3 Nf4 51. Kf3 Ng6 52. Nd1 Nh4+ 53. Kg3 Nf5+ 54. Kf3 h4 55. Nf2 Ng3 56. Nh3+ Kf5 57. Nf4 Ne4 58. Nh5 Ng5+ 59. Kf2 Ke4 60. Ke2 h3 61. Ng3+ Kf4 62. Nh5+ Kg4 63. Nf6+ Kg3 64. Nh5+ Kh4 0-1

[Event "Laval VIII"]
[Site "Laval CAN"]
[Date "1991.03.24"]
[Round "5"]
[White "Hebert, Jean"]
[Black "Lacroix, Serge"]
[Result "1-0"]
[WhiteElo "2400"]
[BlackElo "2000"]
[PlyCount "67"]
[GameId "2160767912439135"]
[EventDate "1991.03.22"]
[EventType "swiss"]
[EventRounds "5"]
[EventCountry "CAN"]
[SourceTitle "Lacroix"]

1. d4 Nf6 2. c4 g6 3. Nc3 d5 4. cxd5 Nxd5 5. e4 Nxc3 6. bxc3 Bg7 7. Nf3 c5 8. Rb1 O-O 9. Be2 Qa5 10. O-O cxd4 11. cxd4 Qxa2 12. Bg5 Qe6 13. Qc2 b6 14. Rfc1 h6 15. Bh4 g5 16. Bg3 Bb7 17. d5 Qg6 18. Qa4 f5 19. Ne5 Qe8 20. Bb5 Qh5 21. exf5 Rxf5 22. Be8 Qe2 23. Re1 Qd2 24. Rbd1 Qc3 25. Ng6 Bf6 26. Qe4 Qc8 27. Nxe7+ Bxe7 28. Qxe7 Na6 29. Be5 Rxe5 30. Qf7+ Kh8 31. Qf6+ Kg8 32. Bf7+ Kh7 33. Qg6+ Kh8 34. Qxh6# 1-0

[Event "Carnaval"]
[Site "Quebec CAN"]
[Date "1991.??.??"]
[Round "?"]
[White "Hebert, Jean"]
[Black "Berube, Richard"]
[Result "1-0"]
[WhiteElo "2472"]
[BlackElo "2252"]
[PlyCount "87"]
[GameId "2160767912447421"]
[EventDate "1991.02.08"]
[EventType "swiss"]
[EventRounds "5"]
[EventCountry "CAN"]
[SourceTitle "EXT 2022"]
[Source "ChessBase"]
[SourceDate "2021.10.06"]
[SourceVersion "1"]
[SourceVersionDate "2021.10.06"]
[SourceQuality "1"]

1. d4 Nf6 2. c4 g6 3. Nc3 Bg7 4. e4 d6 5. Nf3 O-O 6. Be2 e5 7. dxe5 dxe5 8. Qxd8 Rxd8 9. Bg5 c6 10. Nxe5 Re8 11. O-O-O Nh5 12. Nd3 f5 13. e5 Nd7 14. f4 Nf8 15. Bxh5 gxh5 16. Bh4 Be6 17. b3 Ng6 18. Bf2 b6 19. g3 Bf8 20. Kc2 Rab8 21. Rd2 b5 22. cxb5 cxb5 23. Bxa7 Rb7 24. Bc5 b4 25. Na4 Bd5 26. Re1 Be4 27. Bxf8 Nxf8 28. Kb2 Rd7 29. Nac5 Rd4 30. Re3 Ne6 31. Rde2 Nc7 32. Nxe4 fxe4 33. Nc5 Nd5 34. Rxe4 Rd1 35. Na4 Rc8 36. Rc4 Re8 37. Rcc2 Rd3 38. Red2 Rxd2 39. Rxd2 Ne3 40. Nc5 Rc8 41. Ne4 Nf5 42. Rd7 Ne3 43. Nf6+ Kf8 44. e6 1-0

[Event "Carnaval"]
[Site "Quebec CAN"]
[Date "1991.??.??"]
[Round "?"]
[White "Hebert, Jean"]
[Black "Tremblay, Rejean"]
[Result "1-0"]
[WhiteElo "2472"]
[BlackElo "2184"]
[PlyCount "119"]
[GameId "2160767912447422"]
[EventDate "1991.02.08"]
[EventType "swiss"]
[EventRounds "5"]
[EventCountry "CAN"]
[SourceTitle "EXT 2022"]
[Source "ChessBase"]
[SourceDate "2021.10.06"]
[SourceVersion "1"]
[SourceVersionDate "2021.10.06"]
[SourceQuality "1"]

1. d4 Nf6 2. c4 g6 3. Nc3 Bg7 4. e4 d6 5. Be2 O-O 6. Nf3 e5 7. dxe5 dxe5 8. Qxd8 Rxd8 9. Bg5 Re8 10. O-O-O h6 11. Bh4 Na6 12. Ne1 c6 13. Nc2 Nc5 14. f3 a5 15. b3 Ne6 16. Na4 Nd7 17. Bf2 Bf8 18. Rd2 Nec5 19. Nc3 h5 20. Kb2 Bh6 21. Rdd1 Bf8 22. g3 Na6 23. a3 Bc5 24. Be1 Bf8 25. Ra1 Nac5 26. Bf2 Bg7 27. Rhd1 Bf8 28. b4 axb4 29. axb4 Rxa1 30. Rxa1 Ne6 31. c5 Rd8 32. Bc4 Nf6 33. Be3 Be7 34. Ne2 Nc7 35. Ra7 Ne6 36. Bxe6 fxe6 37. Na3 Nd7 38. Nc4 Rf8 39. f4 Bf6 40. Kc2 Bg7 41. Nd6 Nf6 42. fxe5 Ng4 43. Bf4 Bxe5 44. Bxe5 Nxe5 45. Nxc8 Rxc8 46. Rxb7 Rd8 47. Re7 Nf3 48. Nf4 g5 49. Nxe6 Rd2+ 50. Kc3 Rxh2 51. b5 cxb5 52. c6 b4+ 53. Kxb4 Rc2 54. c7 Ne5 55. Rg7+ Kh8 56. Rxg5 Nd3+ 57. Kb5 Kh7 58. Rxh5+ Kg6 59. Rc5 Nxc5 60. Nxc5 1-0

[Event "Carnaval"]
[Site "Quebec CAN"]
[Date "1991.??.??"]
[Round "?"]
[White "Leveille, Francois"]
[Black "Hebert, Jean"]
[Result "1-0"]
[WhiteElo "2370"]
[BlackElo "2472"]
[PlyCount "89"]
[GameId "2160767912447423"]
[EventDate "1991.02.08"]
[EventType "swiss"]
[EventRounds "5"]
[EventCountry "CAN"]
[SourceTitle "EXT 2022"]
[Source "ChessBase"]
[SourceDate "2021.10.06"]
[SourceVersion "1"]
[SourceVersionDate "2021.10.06"]
[SourceQuality "1"]

1. e4 e6 2. d4 d5 3. e5 c5 4. c3 Nc6 5. Nf3 Bd7 6. a3 f6 7. Bd3 fxe5 8. dxe5 Qc7 9. Bf4 O-O-O 10. O-O h6 11. h4 Be7 12. Bg6 Rf8 13. Bg3 Bd8 14. c4 Nge7 15. Bd3 dxc4 16. Bxc4 Nf5 17. Bh2 g5 18. Nc3 g4 19. Nb5 Qb6 20. Nd2 Ncd4 21. Nxd4 cxd4 22. Qxg4 Rhg8 23. Qh3 Nxh4 24. Bg3 Nf5 25. Bh2 Kb8 26. Ne4 Rg7 27. Qd3 Rfg8 28. g3 Rg6 29. b4 Be7 30. Rfe1 h5 31. Kf1 Rc8 32. Rac1 Rf8 33. Ke2 Rg4 34. Kd2 Bc6 35. Nf6 Bxf6 36. exf6 Rxf6 37. f3 Bxf3 38. Qxf3 Qd8 39. Bxe6 Nd6 40. Bxg4 Rxf3 41. Bxf3 Qg5+ 42. Kd1 Qg6 43. Kd2 Qg5+ 44. Kd3 Qf5+ 45. Ke2 1-0

[Event "Semi-Rapides Jan 1991"]
[Site "Montreal CAN"]
[Date "1991.01.25"]
[Round "1"]
[White "Beaudry, Marc-Andre"]
[Black "Hebert, Jean"]
[Result "0-1"]
[WhiteElo "1962"]
[BlackElo "2409"]
[PlyCount "68"]
[GameId "2160767912447486"]
[EventDate "1991.01.25"]
[EventType "swiss (rapid)"]
[EventRounds "5"]
[EventCountry "CAN"]

1. c4 Nf6 2. Nc3 c5 3. g3 e6 4. Bg2 d5 5. cxd5 exd5 6. d4 cxd4 7. Qxd4 Nc6 8. Qa4 d4 9. Ne4 Nxe4 10. Bxe4 Bd7 11. Bd2 Bc5 12. Nf3 Qe7 13. Qc2 Nb4 14. Qb1 f5 15. Bd3 O-O 16. O-O Nxd3 17. Qxd3 Bc6 18. Rac1 Kh8 19. Nxd4 Bxd4 20. Qxd4 Rad8 21. Qe3 Qf7 22. Qf4 Qd5 23. Rxc6 Qxc6 24. Bc3 Qe6 25. Qa4 Qxe2 26. Qxa7 Rd1 27. Rxd1 Qxd1+ 28. Kg2 Qd5+ 29. Kg1 f4 30. Qd4 Qxd4 31. Bxd4 Rd8 32. Bc3 f3 33. h3 h5 34. Kh2 Kh7 0-1